000 00466nam a2200193Ia 4500
008 170918s9999 xx 000 0 und d
020 _a380727358
050 _bW233 1995
100 _aWalter, Mildred Pitts
245 _aKwanzaa :
245 _ba family affair /
245 _cby Mildred Pitts Walter.
260 _aNew York :
260 _bAvon Camelot Book,
260 _c1995
300 _a95 pages :
300 _billustrations ;
300 _c19cm.
999 _c343648
_d343648